| 000 | 00495nam a22001817a 4500 | ||
|---|---|---|---|
| 005 | 20240403113435.0 | ||
| 010 | _aENG-140022 | ||
| 020 |
_a9788194674085 _c300.00 |
||
| 035 | _aEN-123554 | ||
| 037 | _bDBAD | ||
| 082 | _a881 | ||
| 100 |
_aPradhan, Anil _964255 |
||
| 245 |
_aFlitting Oddments / _cby Anil Pradhan |
||
| 260 |
_aKolkata _bWriters Workshop _c2020 |
||
| 270 |
_aC-532, Lake Garden _bKolkata _e700045 |
||
| 300 |
_a88p. _c22(Pb) |
||
| 942 |
_2ddc _cEN _h881 _mPRA |
||
| 999 |
_c201913 _d201913 |
||